| 000 | 00000nam##2200000za#4500 |
| 001 | 9.695444 |
| 003 | CaOODSP |
| 005 | 20210624234559 |
| 007 | cr ||||||||||| |
| 008 | 150407|2000||||xxc|||||o f|0| 0 eng|d |
| 040 | |aCaOODSP|beng |
| 043 | |an-cn--- |
| 086 | 1 |aM37-48/2000E-PDF |
| 110 | 1 |aCanada.|bNatural Resources Canada. |bMinerals and Metals Sector. |
| 245 | 10|a[Canadian suppliers of mining goods and services] : |h[electronic resource]|b[links between Canadian mining companies and selected sectors of the Canadian economy] |
| 246 | 1 |aCanadian suppliers of mining goods and services |
| 260 | |aOttawa - Ontario : |bNatural Resources Canada. |c[2000]. |
| 300 | |a69p.|bgraphs, references, tables |
| 500 | |aFile lacks title screen. Cataloguer's title (title taken from print version). |
| 590 | |a12-16-Supp|b2012-04-17 |
| 690 | 07|aMining industry|2gcpds |
| 690 | 07|aMining technology|2gcpds |
| 690 | 07|aSupply|2gcpds |
| 690 | 07|aDemand|2gcpds |
| 775 | 08|t[Fournisseurs canadiens de biens et services miniers] : |w(CaOODSP)9.639580 |
| 776 | 0#|tCanadian suppliers of mining goods and services : |w(CaOODSP)9.647848 |
| 856 | 40|ahttp://publications.gc.ca|qPDF|s375 KB|uhttps://publications.gc.ca/collections/Collection/M37-48-2000E.pdf |